Plant conservation biotechnology (Record no. 42154)

MARC details
000 -LEADER
fixed length control field 00496nam a2200181Ia 4500
020 ## - INTERNATIONAL STANDARD BOOK NUMBER
ISBN :0748407464
082 ## - DEWEY DECIMAL CLASSIFICATION NUMBER
Classification number 573.6:581
Item number BEN
100 ## - MAIN ENTRY--AUTHOR NAME
Personal name Benson, Erica E
245 #0 - TITLE STATEMENT
Title Plant conservation biotechnology
260 ## - PUBLICATION, DISTRIBUTION, ETC. (IMPRINT)
Place of publication London
Name of publisher Taylor&Francis
Year of publication 2003
650 ## - SUBJECT ADDED ENTRY--TOPICAL TERM
Topical Term Biodiversity
650 ## - SUBJECT ADDED ENTRY--TOPICAL TERM
Topical Term Cryopreservation
650 ## - SUBJECT ADDED ENTRY--TOPICAL TERM
Topical Term Phytosanitary aspects
650 ## - SUBJECT ADDED ENTRY--TOPICAL TERM
Topical Term Plant conservation biotechnology
650 ## - SUBJECT ADDED ENTRY--TOPICAL TERM
Topical Term Seed biotechnology
942 ## - ADDED ENTRY ELEMENTS (KOHA)
Koha item type Books
Holdings
Withdrawn status Lost status Damaged status Not for loan Home library Current library Date acquired Cost, normal purchase price Full call number Accession Number Koha item type
        RRII Library RRII Library 16/12/2021 595.00 573.6:581 BEN 22430 Books